000
00262nam a22001217a 4500
082
_a
153.4
_b
BEI/G
100
_a
BEILENSON
245
_a
GIFT OF FRIENDSHIP
260
_a
NEW YORK
_b
PETER PAUPER PRESS
300
_a
64
650
_a
THOUGHTS
_z
NEW YORK
942
_c
BK
999
_c
3743
_d
3743